00841nam a22002657a 45000010005000000030006000050050017000110080041000280200018000690400029000870500014001160820010001301000017001402450075001572500034002322600039002663000044003054900020003495050008003695200107003775210020004845210020005046500026005246500025005505434FISKH20241206115419.0241206b cb ||||| |||| 00| 0 eng d a9780439792073 aFISKHbengcFISKHdFISKH aQL100.Z85 a591.6 aZullo, Allan aSurviving sharks : band other dangerous creatures / cby Allan Zullo  aFirst printing , January 2006 aNew York : bScholastic ; c2006 . a151 pages : billustrations ;c20 cm .  aTen true tales  aZ  aTen true stories of real-life survivors of attacks by some of the animal kingdom's scariest predators!8 a930 bLexile 8 aZ bRaz-Plus  asurvivalvNon-fiction aanimalsvNon-fiction